[Event "London Classic op 5th"]
[Site "London"]
[Date "2013.12.13"]
[Round "7"]
[White "Donovan, Nigel"]
[Black "Torgersen, Markus"]
[Result "1-0"]
[WhiteElo "2033"]
[BlackElo "1732"]
[PlyCount "69"]
[EventDate "2013.12.07"]
[EventType "swiss"]
[EventRounds "9"]
[EventCountry "ENG"]
[SourceTitle "CBM 157 Extra"]
[Source "ChessBase"]
[SourceDate "2013.12.19"]
[SourceVersion "1"]
[SourceVersionDate "2013.12.19"]
[SourceQuality "1"]

1. e4 c6 2. d4 d5 3. e5 Bf5 4. Nf3 e6 5. Be2 c5 6. c3 Nc6 7. 0-0 Qb6 8. Qa4 c4 9. Nbd2 Qa5 10. Qd1 Rc8 11. Nh4 Nge7 12. g4 Bg6 13. f4 Qb6 14. Kh1 f6 15. f5 exf5 16. exf6 gxf6 17. Nxf5 Nd8 18. Qa4+ Kf7 19. Nxc4 dxc4 20. Bxc4+ Ne6 21. d5 Bxf5 22. gxf5 Nc5 23. d6+ Kg7 24. Rg1+ Ng6 25. Qd1 Ne4 26. Qd5 Nxd6 27. fxg6 hxg6 28. Rxg6+ Kxg6 29. Qg2+ Kf5 30. Qf3+ Kg6 31. Qg4+ Kh7 32. Bg8+ Rxg8 33. Qh5+ Kg7 34. Bh6+ Kh7 35. Bxf8# 1-0

[Event "London Classic op 5th"]
[Site "London"]
[Date "2013.12.12"]
[Round "6"]
[White "Stigar, Petter"]
[Black "Donovan, Nigel"]
[Result "1-0"]
[WhiteElo "2240"]
[BlackElo "2033"]
[PlyCount "63"]
[EventDate "2013.12.07"]
[EventType "swiss"]
[EventRounds "9"]
[EventCountry "ENG"]
[SourceTitle "CBM 157 Extra"]
[Source "ChessBase"]
[SourceDate "2013.12.19"]
[SourceVersion "1"]
[SourceVersionDate "2013.12.19"]
[SourceQuality "1"]

1. Nf3 c5 2. c4 Nf6 3. g3 Nc6 4. Bg2 d6 5. Nc3 g6 6. d4 cxd4 7. Nxd4 Bd7 8. 0-0 Bg7 9. Nc2 0-0 10. b3 a6 11. Bb2 Rb8 12. Nd5 Nxd5 13. Bxg7 Ne3 14. Nxe3 Kxg7 15. Qc1 Kg8 16. Rd1 Ne5 17. Qb2 b6 18. Nd5 Bc6 19. Rac1 e6 20. Nc3 Bxg2 21. Kxg2 Qc7 22. Ne4 Qc6 23. f3 Rfd8 24. c5 bxc5 25. Rxd6 Rxd6 26. Qxe5 Rdd8 27. Rxc5 Qb6 28. Nf6+ Kf8 29. Nxh7+ Kg8 30. Nf6+ Kf8 31. Rc7 Rb7 32. Nd5 1-0

[Event "London e2e4 Diamond Jubilee op"]
[Site "London"]
[Date "2012.06.06"]
[Round "8"]
[White "Donovan, Nigel"]
[Black "Dixit, Kumar"]
[Result "1/2-1/2"]
[WhiteElo "2033"]
[BlackElo "1858"]
[PlyCount "52"]
[EventDate "2012.06.02"]
[EventType "swiss"]
[EventRounds "9"]
[EventCountry "ENG"]
[SourceTitle "CBM 148 Extra"]
[Source "ChessBase"]
[SourceDate "2012.06.22"]
[SourceVersion "1"]
[SourceVersionDate "2012.06.22"]
[SourceQuality "1"]

1. e4 c6 2. d3 d5 3. Nd2 e5 4. Ngf3 Bd6 5. g3 Nf6 6. Bg2 0-0 7. 0-0 Re8 8. Re1 Bg4 9. Nf1 Nbd7 10. h3 Bh5 11. g4 Bg6 12. Ng3 dxe4 13. dxe4 Bc5 14. Nh2 Qb6 15. Qf3 Nf8 16. g5 Nh5 17. c3 a5 18. Ng4 Ne6 19. h4 Nef4 20. Nxe5 Nxg2 21. Kxg2 Rxe5 22. Nxh5 Bxf2 23. Qxf2 Qxf2+ 24. Kxf2 Bxh5 25. Bf4 Rb5 26. b3 c5 1/2-1/2

[Event "London e2e4 Diamond Jubilee op"]
[Site "London"]
[Date "2012.06.06"]
[Round "9"]
[White "Murphy, Conor"]
[Black "Donovan, Nigel"]
[Result "0-1"]
[WhiteElo "1954"]
[BlackElo "2033"]
[PlyCount "76"]
[EventDate "2012.06.02"]
[EventType "swiss"]
[EventRounds "9"]
[EventCountry "ENG"]
[SourceTitle "CBM 148 Extra"]
[Source "ChessBase"]
[SourceDate "2012.06.22"]
[SourceVersion "1"]
[SourceVersionDate "2012.06.22"]
[SourceQuality "1"]

1. Nf3 c5 2. g3 g6 3. c4 Nf6 4. Bg2 Bg7 5. Nc3 Nc6 6. 0-0 d6 7. d3 0-0 8. Rb1 a6 9. a3 Rb8 10. b4 cxb4 11. axb4 b5 12. Nd2 Bd7 13. Ba3 Qb6 14. Nd5 Nxd5 15. cxd5 Nd4 16. e3 Nf5 17. Nb3 e5 18. Na5 Ne7 19. Rc1 f5 20. e4 f4 21. g4 Rf7 22. Bf3 g5 23. Kg2 Ng6 24. Rh1 Nh4+ 25. Kf1 Rc8 26. Ke2 Nxf3 27. Kxf3 Bxg4+ 28. Kxg4 Rxc1 29. Bxc1 Qxf2 30. Kxg5 Qg2+ 31. Qg4 Qxh1 32. Nc6 h6+ 33. Kg6 Rf6+ 34. Kh5 Qxh2+ 35. Qh4 Qxh4+ 36. Kxh4 f3 37. Ne7+ Kh7 38. Nf5 f2 0-1

[Event "London e2e4 Diamond Jubilee op"]
[Site "London"]
[Date "2012.06.04"]
[Round "5"]
[White "Croad, Nicholas"]
[Black "Donovan, Nigel"]
[Result "1-0"]
[WhiteElo "2334"]
[BlackElo "2033"]
[PlyCount "55"]
[EventDate "2012.06.02"]
[EventType "swiss"]
[EventRounds "9"]
[EventCountry "ENG"]
[SourceTitle "CBM 148 Extra"]
[Source "ChessBase"]
[SourceDate "2012.06.22"]
[SourceVersion "1"]
[SourceVersionDate "2012.06.22"]
[SourceQuality "1"]

1. d4 Nf6 2. c4 e6 3. Nf3 b6 4. g3 Ba6 5. Qc2 c5 6. d5 exd5 7. cxd5 d6 8. Bg2 Nbd7 9. 0-0 Be7 10. Rd1 0-0 11. a4 Bb7 12. Nc3 a6 13. h3 Re8 14. g4 h6 15. Bf4 Bf8 16. Bg3 Rc8 17. Nh4 Ne5 18. e4 g6 19. f4 Ned7 20. Re1 Be7 21. Nf3 Nf8 22. Rad1 Qc7 23. e5 N6h7 24. Nd2 c4 25. Kh2 Qd7 26. Nde4 Qc7 27. f5 gxf5 28. exd6 1-0

[Event "London e2e4 Diamond Jubilee op"]
[Site "London"]
[Date "2012.06.03"]
[Round "3"]
[White "Donovan, Nigel"]
[Black "Akhanov, Dauren"]
[Result "1-0"]
[WhiteElo "2033"]
[BlackElo "2149"]
[PlyCount "71"]
[EventDate "2012.06.02"]
[EventType "swiss"]
[EventRounds "9"]
[EventCountry "ENG"]
[SourceTitle "CBM 148 Extra"]
[Source "ChessBase"]
[SourceDate "2012.06.22"]
[SourceVersion "1"]
[SourceVersionDate "2012.06.22"]
[SourceQuality "1"]

1. e4 c5 2. Nf3 e6 3. d3 Nc6 4. g3 d5 5. Nbd2 b6 6. Bg2 Nf6 7. 0-0 Be7 8. Re1 0-0 9. e5 Nd7 10. h4 Qc7 11. Qe2 Ba6 12. Nf1 Nd4 13. Nxd4 cxd4 14. Bf4 Rfc8 15. Rac1 Nc5 16. Qg4 h5 17. Qxh5 Na4 18. Nh2 Nxb2 19. Ng4 Qc5 20. Bg5 Na4 21. Nf6+ Bxf6 22. exf6 g6 23. Qg4 Re8 24. Re5 Qc7 25. Bf4 Qd8 26. Qg5 Nc5 27. Ree1 Nd7 28. Be5 Kh7 29. h5 Rg8 30. Bf3 Qf8 31. Bf4 e5 32. Bd2 Nc5 33. Kg2 Ne6 34. hxg6+ Rxg6 35. Rh1+ Kg8 36. Qh5 1-0

[Event "BCF-chTc 1112 (4NCL)"]
[Site "England"]
[Date "2012.05.07"]
[Round "11.126"]
[White "Talbot, Andrew R"]
[Black "Donovan, Nigel"]
[Result "1/2-1/2"]
[WhiteElo "2146"]
[BlackElo "2033"]
[PlyCount "40"]
[EventDate "2011.11.12"]
[EventType "team-swiss"]
[EventRounds "11"]
[EventCountry "ENG"]
[SourceTitle "EXT 2013"]
[Source "ChessBase"]
[SourceDate "2012.11.22"]
[SourceVersion "1"]
[SourceVersionDate "2012.11.22"]
[SourceQuality "1"]
[WhiteTeam "e2e4.org.uk"]
[BlackTeam "Jutes of Kent"]
[WhiteTeamCountry "ENG"]
[BlackTeamCountry "ENG"]

1. d4 Nf6 2. c4 e6 3. Nc3 Bb4 4. Qc2 0-0 5. a3 Bxc3+ 6. Qxc3 b6 7. Bg5 Ba6 8. Qf3 Nc6 9. Bxf6 Qxf6 10. Qxf6 gxf6 11. e3 Ne7 12. Nf3 Rfd8 13. Be2 d6 14. b4 c5 15. 0-0 Rac8 16. dxc5 dxc5 17. b5 Bb7 18. Rfd1 Bxf3 19. Bxf3 Kf8 20. Kf1 Ke8 1/2-1/2

[Event "BCF-chT2 1011 (4NCL)"]
[Site "England"]
[Date "2011.01.16"]
[Round "4.27"]
[White "Judkins, Brian"]
[Black "Donovan, Nigel"]
[Result "1/2-1/2"]
[WhiteElo "1890"]
[BlackElo "2033"]
[PlyCount "85"]
[EventDate "2010.11.06"]
[EventType "team-swiss"]
[EventRounds "11"]
[EventCountry "ENG"]
[SourceTitle "EXT 2012"]
[Source "ChessBase"]
[SourceDate "2011.11.24"]
[SourceVersion "1"]
[SourceVersionDate "2011.11.24"]
[SourceQuality "1"]
[WhiteTeam "Poisoned Pawns II"]
[BlackTeam "Jutes of Kent"]
[WhiteTeamCountry "ENG"]
[BlackTeamCountry "ENG"]

1. e4 c5 2. Nf3 e6 3. d4 cxd4 4. Nxd4 Nf6 5. Nc3 d6 6. Be2 Be7 7. 0-0 0-0 8. Be3 a6 9. f4 Qc7 10. Bf3 Nc6 11. Qe1 Nxd4 12. Bxd4 e5 13. Be3 Be6 14. f5 Bc4 15. Rf2 b5 16. g4 b4 17. Ne2 d5 18. Ng3 dxe4 19. Nxe4 Nd5 20. Bd2 Bh4 21. Ng3 Nf4 22. Bxa8 Rxa8 23. Bxf4 exf4 24. Qe4 Bd5 25. Qxf4 Qe7 26. Rd1 Rd8 27. Re2 Qc5+ 28. Qe3 Be7 29. Rxd5 Rxd5 30. Qxc5 Bxc5+ 31. Kg2 Kf8 32. Kf3 Rd7 33. Ne4 Be7 34. c4 bxc3 35. Nxc3 Rd3+ 36. Ke4 Rh3 37. Nd5 Bd6 38. Rc2 Ke8 39. Nf4 Rh4 40. Rg2 Kd7 41. Kf3 g5 42. fxg6 hxg6 43. Rd2 1/2-1/2

[Event "BCF-chT1d 0910 (4NCL) Demotion pool"]
[Site "England"]
[Date "2010.05.03"]
[Round "11.6"]
[White "McEwan, Ken B"]
[Black "Donovan, Nigel"]
[Result "1-0"]
[WhiteElo "2142"]
[BlackElo "2042"]
[PlyCount "49"]
[EventDate "2009.10.24"]
[EventType "team-tourn"]
[EventRounds "4"]
[EventCountry "ENG"]
[SourceTitle "EXT 2011"]
[Source "ChessBase"]
[SourceDate "2010.11.26"]
[SourceVersion "1"]
[SourceVersionDate "2010.11.26"]
[SourceQuality "1"]
[WhiteTeam "Poisoned Pawns"]
[BlackTeam "Jutes of Kent"]
[WhiteTeamCountry "ENG"]
[BlackTeamCountry "ENG"]

1. d4 Nf6 2. Nf3 e6 3. Bg5 c5 4. c3 Qb6 5. Qb3 Qxb3 6. axb3 Be7 7. e3 0-0 8. Nbd2 Nc6 9. dxc5 Bxc5 10. b4 Be7 11. b5 Nb8 12. Nc4 a6 13. e4 Bd8 14. Nd6 Bc7 15. e5 Nd5 16. Bc4 Nb6 17. Bd3 f6 18. Nxc8 fxg5 19. Nxb6 Bxb6 20. Nxg5 Rxf2 21. Bxh7+ Kh8 22. Bg6 Be3 23. Ra4 Rf4 24. Rxf4 Bxf4 25. Rf1 1-0

[Event "BCF-chT1a 0910 (4NCL)"]
[Site "England"]
[Date "2010.03.27"]
[Round "7.8"]
[White "Hanley, Craig"]
[Black "Donovan, Nigel"]
[Result "1-0"]
[WhiteElo "2429"]
[BlackElo "2042"]
[PlyCount "47"]
[EventDate "2009.10.24"]
[EventType "team-tourn"]
[EventRounds "7"]
[EventCountry "ENG"]
[SourceTitle "EXT 2011"]
[Source "ChessBase"]
[SourceDate "2010.11.26"]
[SourceVersion "1"]
[SourceVersionDate "2010.11.26"]
[SourceQuality "1"]
[WhiteTeam "Wood Green Hilsmark Kingfisher"]
[BlackTeam "Jutes of Kent"]
[WhiteTeamCountry "ENG"]
[BlackTeamCountry "ENG"]

1. e4 c5 2. Nf3 d6 3. d4 cxd4 4. Nxd4 Nf6 5. Nc3 e6 6. Be2 Be7 7. 0-0 0-0 8. Be3 a6 9. a4 Nc6 10. f4 Qc7 11. Qe1 Nxd4 12. Bxd4 e5 13. fxe5 dxe5 14. Qg3 Bc5 15. Bxc5 Qxc5+ 16. Kh1 Kh8 17. Rxf6 gxf6 18. Nd5 f5 19. Nf6 fxe4 20. Rf1 e3 21. c3 e4 22. Nxe4 Qd5 23. Nf6 Qd2 24. Nh5 1-0

[Event "BCF-chT1a 0910 (4NCL)"]
[Site "England"]
[Date "2010.01.17"]
[Round "4.8"]
[White "Donovan, Nigel"]
[Black "Regan, Natasha"]
[Result "1/2-1/2"]
[WhiteElo "2042"]
[BlackElo "2152"]
[PlyCount "56"]
[EventDate "2009.10.24"]
[EventType "team-tourn"]
[EventRounds "7"]
[EventCountry "ENG"]
[SourceTitle "EXT 2011"]
[Source "ChessBase"]
[SourceDate "2010.11.26"]
[SourceVersion "1"]
[SourceVersionDate "2010.11.26"]
[SourceQuality "1"]
[WhiteTeam "Jutes of Kent"]
[BlackTeam "Barbican II"]
[WhiteTeamCountry "ENG"]
[BlackTeamCountry "ENG"]

1. e4 Nf6 2. e5 Nd5 3. Nc3 Nxc3 4. dxc3 d6 5. Nf3 Bg4 6. h3 Bh5 7. g4 Bg6 8. Bg2 Nc6 9. Nd4 Nxd4 10. cxd4 c6 11. exd6 Qxd6 12. c3 e6 13. Qf3 Qd5 14. 0-0 Qxf3 15. Bxf3 h5 16. Bf4 0-0-0 17. Kg2 Bd6 18. Bxd6 Rxd6 19. Rad1 a5 20. Rfe1 hxg4 21. hxg4 Kc7 22. Re5 Ra8 23. Rde1 a4 24. a3 Bc2 25. Rc1 Bb3 26. Rh1 Rd7 27. Rh7 f6 28. Re2 Ra5 1/2-1/2

[Event "BCF-chT1a 0910 (4NCL)"]
[Site "England"]
[Date "2009.10.24"]
[Round "1.8"]
[White "Dines, Sheila"]
[Black "Donovan, Nigel"]
[Result "1-0"]
[WhiteElo "1931"]
[BlackElo "2042"]
[PlyCount "75"]
[EventDate "2009.10.24"]
[EventType "team-tourn"]
[EventRounds "7"]
[EventCountry "ENG"]
[SourceTitle "EXT 2011"]
[Source "ChessBase"]
[SourceDate "2010.11.26"]
[SourceVersion "1"]
[SourceVersionDate "2010.11.26"]
[SourceQuality "1"]
[WhiteTeam "Guildford II"]
[BlackTeam "Jutes of Kent"]
[WhiteTeamCountry "ENG"]
[BlackTeamCountry "ENG"]

1. e4 c5 2. Nf3 d6 3. d4 cxd4 4. Nxd4 Nf6 5. Nc3 e6 6. f3 a6 7. Be3 b5 8. Qd2 Nbd7 9. a4 b4 10. Nce2 d5 11. Ng3 dxe4 12. fxe4 Bb7 13. Bd3 Nc5 14. 0-0 Ng4 15. Be2 Nxh2 16. Kxh2 Qh4+ 17. Kg1 Qxg3 18. Rf3 Qc7 19. Qxb4 Nxe4 20. Qe1 Bd6 21. Qh4 Bg3 22. Qg4 0-0-0 23. Ra3 Bh2+ 24. Kh1 Ng3+ 25. Kxh2 Nxe2+ 26. Kh1 Nxd4 27. Bxd4 Bxf3 28. gxf3 Rd6 29. Qe4 Rc6 30. Be5 f5 31. Qe2 Qe7 32. Rb3 Qh4+ 33. Bh2 f4 34. Qe4 Kc7 35. Qe5+ Kc8 36. Rb8+ Kd7 37. Rxh8 Qe7 38. Ra8 1-0

[Event "Kalamaria op 6th"]
[Site "Kalamaria"]
[Date "2009.08.22"]
[Round "1"]
[White "Aroshidze, Levan"]
[Black "Donovan, Nigel"]
[Result "1-0"]
[WhiteElo "2537"]
[BlackElo "2057"]
[PlyCount "81"]
[EventDate "2009.08.22"]
[EventType "swiss"]
[EventRounds "9"]
[EventCountry "GRE"]
[SourceTitle "CBM 131 Extra"]
[Source "ChessBase"]
[SourceDate "2009.09.03"]
[SourceVersion "2"]
[SourceVersionDate "2009.09.16"]
[SourceQuality "1"]

1. e4 c5 2. Nf3 d6 3. d4 cxd4 4. Nxd4 Nf6 5. Nc3 e6 6. Be3 a6 7. f3 b5 8. Qd2 Nbd7 9. g4 h6 10. 0-0-0 Bb7 11. h4 b4 12. Na4 Qa5 13. b3 Nc5 14. a3 Nxa4 15. axb4 Qc7 16. bxa4 d5 17. e5 Nd7 18. f4 Nb6 19. Rh3 Nxa4 20. Bf2 Rc8 21. Be1 Nb6 22. f5 Nc4 23. Bxc4 Qxc4 24. Kb2 a5 25. bxa5 Bc5 26. Rc3 Qa4 27. fxe6 0-0 28. Rxc5 Rxc5 29. Qb4 Rc4 30. Qxa4 Rxa4 31. Kb3 Rc4 32. e7 Rb8 33. Bb4 Ba6 34. c3 g6 35. Rd2 Rc7 36. Ka4 Rbc8 37. Nb5 Bxb5+ 38. Kxb5 Rb8+ 39. Ka4 Rd7 40. Bd6 Re8 41. g5 1-0

[Event "BCF-chT2c 0809 (4NCL) Promotion pool"]
[Site "Hinckley Island"]
[Date "2009.05.03"]
[Round "10.8"]
[White "Stepanyan, Henrik"]
[Black "Donovan, Nigel"]
[Result "0-1"]
[WhiteElo "1975"]
[BlackElo "2058"]
[PlyCount "160"]
[EventDate "2008.10.04"]
[EventType "team-tourn"]
[EventRounds "4"]
[EventCountry "ENG"]
[SourceTitle "EXT 2010"]
[Source "ChessBase"]
[SourceDate "2010.11.25"]
[SourceVersion "1"]
[SourceVersionDate "2010.11.25"]
[SourceQuality "1"]
[WhiteTeam "Warwicks Select"]
[BlackTeam "Jutes of Kent"]
[WhiteTeamCountry "ENG"]
[BlackTeamCountry "ENG"]

1. c4 c5 2. Nc3 Nc6 3. Nf3 Nf6 4. e3 g6 5. d4 cxd4 6. exd4 Bg7 7. Be2 0-0 8. 0-0 d5 9. Ne5 Nxe5 10. dxe5 Ne4 11. Qxd5 Nxc3 12. bxc3 Qxd5 13. cxd5 Bxe5 14. Bb2 Bf5 15. f4 Bf6 16. Rac1 Rfd8 17. Rfd1 Be4 18. Bc4 b5 19. Bb3 Rac8 20. Ba3 a5 21. Re1 Bxd5 22. Bxe7 Bxe7 23. Rxe7 a4 24. Bxd5 Rxd5 25. Rb7 Rc4 26. g3 Re4 27. Rc2 Rc5 28. Rb2 Rec4 29. R7xb5 Rxb5 30. Rxb5 Rxc3 31. Rb2 a3 32. Re2 Rc1+ 33. Kf2 Rc3 34. Ke1 Kf8 35. Kd2 Rc6 36. Re3 Ra6 37. Kc2 Kg7 38. Kb3 Kf6 39. Kb4 Kf5 40. h3 h5 41. Rxa3 Rxa3 42. Kxa3 h4 43. g4+ Kxf4 44. Kb4 f5 45. gxf5 gxf5 46. a4 Kg3 47. a5 f4 48. a6 f3 49. a7 f2 50. a8Q f1Q 51. Qg8+ Kxh3 52. Qe6+ Kg3 53. Qg6+ Kh2 54. Qd6+ Kh1 55. Qd5+ Qg2 56. Qd1+ Kh2 57. Qd6+ Qg3 58. Qd2+ Kh3 59. Kc4 Qf3 60. Qe1 Qf4+ 61. Kd5 Qf5+ 62. Kd4 Qd7+ 63. Kc3 Qc7+ 64. Kd4 Qd6+ 65. Kc4 Qf4+ 66. Kd5 Kg2 67. Qe2+ Qf2 68. Qg4+ Kh2 69. Qh5 h3 70. Qe5+ Kg1 71. Qa1+ Qf1 72. Qd4+ Kh1 73. Ke5 Qe2+ 74. Kf4 Kg2 75. Qg7+ Kf1 76. Qa1+ Kf2 77. Qa7+ Kg2 78. Qg7+ Kh1 79. Qa1+ Kh2 80. Qg7 Qf2+ 0-1

[Event "BCF-chT2a 0809 (4NCL)"]
[Site "Hinckley Island"]
[Date "2009.01.18"]
[Round "6.7"]
[White "Cumming, Rhys"]
[Black "Donovan, Nigel"]
[Result "1/2-1/2"]
[WhiteElo "1883"]
[BlackElo "2087"]
[PlyCount "58"]
[EventDate "2008.10.04"]
[EventType "team-tourn"]
[EventRounds "7"]
[EventCountry "ENG"]
[SourceTitle "EXT 2010"]
[Source "ChessBase"]
[SourceDate "2010.11.25"]
[SourceVersion "1"]
[SourceVersionDate "2010.11.25"]
[SourceQuality "1"]
[WhiteTeam "Barbican Youth"]
[BlackTeam "Jutes of Kent"]
[WhiteTeamCountry "ENG"]
[BlackTeamCountry "ENG"]

1. e4 c5 2. c3 Nf6 3. e5 Nd5 4. d4 cxd4 5. Nf3 e6 6. cxd4 b6 7. Nc3 Nxc3 8. bxc3 Qc7 9. Bd2 Bb7 10. Bd3 d6 11. 0-0 Nd7 12. Re1 dxe5 13. Qe2 Be7 14. Bc2 0-0 15. dxe5 Bxf3 16. gxf3 Rfd8 17. Rad1 Rac8 18. Qe4 g6 19. h4 Qc4 20. h5 Qxe4 21. Rxe4 Rc5 22. hxg6 hxg6 23. f4 Nf8 24. Kf1 Rcd5 25. Ke2 Bc5 26. Bb3 Rd3 27. f3 b5 28. Bc2 R3d7 29. Ke1 a6 1/2-1/2

[Event "Hastings Masters op 84th"]
[Site "Hastings"]
[Date "2008.12.29"]
[Round "2"]
[White "Donovan, Nigel"]
[Black "Leroy, Didier"]
[Result "0-1"]
[WhiteElo "2093"]
[BlackElo "2286"]
[PlyCount "42"]
[EventDate "2008.12.28"]
[EventType "swiss"]
[EventRounds "9"]
[EventCountry "ENG"]
[SourceTitle "CBM 128 Extra"]
[Source "ChessBase"]
[SourceDate "2009.03.05"]
[SourceVersion "2"]
[SourceVersionDate "2009.03.25"]
[SourceQuality "1"]

1. e4 c5 2. Nf3 g6 3. d4 cxd4 4. Qxd4 Nf6 5. Bb5 a6 6. e5 axb5 7. exf6 Nc6 8. fxe7 Qxe7+ 9. Qe3 b4 10. 0-0 Qxe3 11. Bxe3 Bg7 12. c3 0-0 13. Rd1 d5 14. Nd4 Nxd4 15. Bxd4 Re8 16. Bxg7 Kxg7 17. cxb4 Re2 18. Nc3 Rxb2 19. Rxd5 Be6 20. Rb5 Ra3 21. Rc1 Rxc3 0-1

[Event "BCF-chT2a 0809 (4NCL)"]
[Site "Hinckley Island"]
[Date "2008.10.04"]
[Round "1.6"]
[White "Birtwistle, Nigel"]
[Black "Donovan, Nigel"]
[Result "1-0"]
[WhiteElo "2106"]
[BlackElo "2093"]
[PlyCount "75"]
[EventDate "2008.10.04"]
[EventType "team-tourn"]
[EventRounds "7"]
[EventCountry "ENG"]
[SourceTitle "EXT 2010"]
[Source "ChessBase"]
[SourceDate "2010.11.25"]
[SourceVersion "1"]
[SourceVersionDate "2010.11.25"]
[SourceQuality "1"]
[WhiteTeam "Pandoras Box"]
[BlackTeam "Jutes of Kent"]
[WhiteTeamCountry "ENG"]
[BlackTeamCountry "ENG"]

1. e4 c5 2. c3 Nf6 3. e5 Nd5 4. d4 cxd4 5. Nf3 e6 6. cxd4 b6 7. a3 Bb7 8. Bd3 d6 9. 0-0 Nd7 10. Qe2 Qc7 11. Bd2 a6 12. Rc1 Qb8 13. b4 dxe5 14. dxe5 g6 15. Nc3 Bg7 16. Nxd5 Bxd5 17. Be4 Bxe4 18. Qxe4 0-0 19. Bc3 Ra7 20. Bb2 Qb7 21. Qxb7 Rxb7 22. Rc6 Rfb8 23. Rd1 Nf8 24. g3 Rd7 25. Rxd7 Nxd7 26. Rd6 Rb7 27. Rc6 Bf8 28. Rc8 Kg7 29. Kg2 b5 30. Ra8 Nb8 31. Bd4 Be7 32. Be3 Bd8 33. Bc5 Bc7 34. Kf1 Nc6 35. Bf8+ Kg8 36. Bh6+ Nb8 37. Ke2 Rb6 38. Bg5 1-0

[Event "Coulsdon Jessie Gilbert"]
[Site "Coulsdon"]
[Date "2008.08.25"]
[Round "10"]
[White "Donovan, Nigel"]
[Black "Calvert, David Ian"]
[Result "1/2-1/2"]
[WhiteElo "2110"]
[BlackElo "2054"]
[PlyCount "39"]
[EventDate "2008.08.16"]
[EventType "swiss"]
[EventRounds "10"]
[EventCountry "ENG"]
[SourceTitle "EXT 2009"]
[Source "ChessBase"]
[SourceDate "2008.11.26"]
[SourceVersion "1"]
[SourceVersionDate "2008.11.26"]
[SourceQuality "1"]

1. e4 d5 2. exd5 Qxd5 3. Nf3 Bg4 4. Be2 Nc6 5. d4 0-0-0 6. Be3 e5 7. Nc3 Bb4 8. 0-0 Bxc3 9. bxc3 e4 10. Nd2 Bxe2 11. Qxe2 Nf6 12. a4 Rhe8 13. Rfb1 a6 14. Nb3 Qh5 15. Qxh5 Nxh5 16. a5 Rd6 17. Nc5 Nd8 18. Rb4 f5 19. Rab1 f4 20. Bd2 1/2-1/2

[Event "Coulsdon Jessie Gilbert"]
[Site "Coulsdon"]
[Date "2008.08.22"]
[Round "7"]
[White "Griffiths, Ryan Rhys"]
[Black "Donovan, Nigel"]
[Result "1-0"]
[WhiteElo "2069"]
[BlackElo "2110"]
[PlyCount "57"]
[EventDate "2008.08.16"]
[EventType "swiss"]
[EventRounds "10"]
[EventCountry "ENG"]
[SourceTitle "CBM 125 Extra"]
[Source "ChessBase"]
[SourceDate "2008.09.01"]
[SourceVersion "1"]
[SourceVersionDate "2008.09.01"]
[SourceQuality "1"]

1. e4 c5 2. Nf3 d6 3. d4 cxd4 4. Nxd4 Nf6 5. Nc3 e6 6. g4 h6 7. h4 a6 8. Bg2 Nc6 9. g5 hxg5 10. hxg5 Rxh1+ 11. Bxh1 Nd7 12. f4 Qb6 13. Nde2 g6 14. b3 Qc5 15. Qd2 b5 16. Bb2 Bb7 17. 0-0-0 0-0-0 18. Bg2 Bg7 19. Kb1 Qf2 20. Bh3 Qh2 21. Qe3 Nc5 22. Qf3 Bxc3 23. Bxc3 Nxe4 24. Bxe6+ fxe6 25. Qxe4 Nd4 26. Qxd4 Qxe2 27. Re1 Qg4 28. Ba5 Rf8 29. Qg7 1-0

[Event "Coulsdon Jessie Gilbert"]
[Site "Coulsdon"]
[Date "2008.08.20"]
[Round "5"]
[White "Chapman, Terry PD"]
[Black "Donovan, Nigel"]
[Result "1-0"]
[WhiteElo "2262"]
[BlackElo "2110"]
[PlyCount "99"]
[EventDate "2008.08.16"]
[EventType "swiss"]
[EventRounds "10"]
[EventCountry "ENG"]
[SourceTitle "CBM 125 Extra"]
[Source "ChessBase"]
[SourceDate "2008.09.01"]
[SourceVersion "1"]
[SourceVersionDate "2008.09.01"]
[SourceQuality "1"]

1. Nf3 c5 2. c4 Nf6 3. d4 cxd4 4. Nxd4 Nc6 5. Nc3 e6 6. Ndb5 d5 7. Bf4 e5 8. cxd5 exf4 9. dxc6 bxc6 10. Qxd8+ Kxd8 11. 0-0-0+ Bd7 12. Nd6 Kc7 13. Nxf7 Rg8 14. Ne5 Bf5 15. Nd3 Bd6 16. g3 Ng4 17. h3 Bxd3 18. hxg4 Bg6 19. gxf4 Bxf4+ 20. e3 Be5 21. Bd3 Bxc3 22. bxc3 Bxd3 23. Rxd3 Raf8 24. f4 h6 25. Rh5 Re8 26. g5 hxg5 27. Rxg5 Re7 28. Kd2 Rh8 29. Rg2 Rh1 30. c4 Kb6 31. a3 Ra1 32. Rb3+ Kc7 33. Kd3 Re1 34. Kd4 Rd1+ 35. Kc5 Rf7 36. e4 Rdd7 37. Rg4 Rde7 38. Re3 Rf6 39. e5 Rff7 40. a4 Rf5 41. Re4 Ref7 42. Rg6 Kb7 43. Kd6 Rxf4 44. Rxf4 Rxf4 45. Rxg7+ Kc8 46. Rc7+ Kd8 47. Rxc6 Rd4+ 48. Ke6 Rf4 49. Rc5 Rf1 50. Rd5+ 1-0

[Event "Coulsdon Jessie Gilbert"]
[Site "Coulsdon"]
[Date "2008.08.18"]
[Round "3"]
[White "Donovan, Nigel"]
[Black "Foster, James C"]
[Result "1-0"]
[WhiteElo "2110"]
[BlackElo "1948"]
[PlyCount "75"]
[EventDate "2008.08.16"]
[EventType "swiss"]
[EventRounds "10"]
[EventCountry "ENG"]
[SourceTitle "CBM 125 Extra"]
[Source "ChessBase"]
[SourceDate "2008.09.01"]
[SourceVersion "1"]
[SourceVersionDate "2008.09.01"]
[SourceQuality "1"]

1. e4 c5 2. Nf3 g6 3. d4 cxd4 4. Qxd4 Nf6 5. Bb5 a6 6. e5 axb5 7. exf6 e6 8. 0-0 Nc6 9. Qd1 b4 10. Nbd2 d5 11. Re1 Qxf6 12. Nb3 Qd8 13. Bg5 f6 14. Bh4 Be7 15. Nbd4 Kf7 16. Qd2 e5 17. Nxc6 bxc6 18. Rxe5 fxe5 19. Nxe5+ Kg7 20. Nxc6 Bxh4 21. Nxd8 Rxd8 22. Qxb4 Bf6 23. a4 Be6 24. Re1 Rab8 25. Qd2 Bf5 26. c3 d4 27. cxd4 Rxd4 28. Qa5 Rxb2 29. Rc1 Rd7 30. h3 Rdd2 31. Qa7+ Kh6 32. g4 Bd4 33. g5+ Kh5 34. Qxh7+ Kxg5 35. Qe7+ Bf6 36. h4+ Kg4 37. Qxf6 Rxf2 38. Rc4+ 1-0

[Event "Coulsdon Jessie Gilbert"]
[Site "Coulsdon"]
[Date "2008.08.17"]
[Round "2"]
[White "Thilaganathan, Jessica"]
[Black "Donovan, Nigel"]
[Result "1/2-1/2"]
[WhiteElo "1931"]
[BlackElo "2110"]
[PlyCount "40"]
[EventDate "2008.08.16"]
[EventType "swiss"]
[EventRounds "10"]
[EventCountry "ENG"]
[SourceTitle "CBM 125 Extra"]
[Source "ChessBase"]
[SourceDate "2008.09.01"]
[SourceVersion "1"]
[SourceVersionDate "2008.09.01"]
[SourceQuality "1"]

1. d4 Nf6 2. c4 e6 3. Nc3 Bb4 4. Bg5 c5 5. d5 d6 6. e3 Bxc3+ 7. bxc3 Qe7 8. Nf3 Nbd7 9. Be2 0-0 10. 0-0 Re8 11. Re1 e5 12. e4 h6 13. Bxf6 Nxf6 14. Nd2 g6 15. Qc2 Kg7 16. Nf1 h5 17. Ne3 Rh8 18. g3 Bh3 19. Bf1 Qd7 20. f3 h4 1/2-1/2